Statistiche per Film con maggiori incassi nel 2019

Clicka qui per fare il quiz!

Statistiche generali

  • Questo quiz è stato fatto 6 volte
  • Il punteggio medio è 7 su 10

Statistiche sulle risposte

Incasso ($)Film% Corretto
1 074 144 248Star Wars: L'ascesa di Skywalker
100%
2 799 439 100Avengers: Endgame
83%
1 128 274 794Captain Marvel
83%
1 656 943 394Il re leone
83%
1 131 927 996Spider-Man: Far from Home
83%
1 450 026 933Frozen II - Il segreto di Arendelle
67%
1 078 751 311Joker
67%
801 692 929Jumanji: The Next Level
67%
1 073 394 593Toy Story 4
50%
1 050 693 953Aladdin
33%

Distribuzione punteggi

Percentile per numero di risposta

Percentuale di utenti per punteggio

I tuoi punteggi nel tempo

Non hai fatto questo quiz